NLSUI OPAC header image

Money on the move : (Record no. 111704)

MARC details
000 -LEADER
fixed length control field 00645cam a2200193 a 4500
001 - CONTROL NUMBER
control field 1670864
005 - DATE AND TIME OF LATEST TRANSACTION
control field 20260112052041.0
008 - FIXED-LENGTH DATA ELEMENTS--GENERAL INFORMATION
fixed length control field 980528s1999 nju b 001 0 eng
020 ## - INTERNATIONAL STANDARD BOOK NUMBER
International Standard Book Number 9780691004440
050 00 - LIBRARY OF CONGRESS CALL NUMBER
Classification number HG3881
Item number .S5568 1999
082 ## - DEWEY DECIMAL CLASSIFICATION NUMBER
Classification number 332.042 SOL
100 1# - MAIN ENTRY--PERSONAL NAME
Personal name Solomon, Robert
245 10 - TITLE STATEMENT
Title Money on the move :
Remainder of title the revolution in international finance since 1980 /
Statement of responsibility, etc. Robert Solomon.
260 ## - PUBLICATION, DISTRIBUTION, ETC.
Place of publication, distribution, etc. Princeton :
Name of publisher, distributor, etc. Princeton University Press,
Date of publication, distribution, etc. 1999.
300 ## - PHYSICAL DESCRIPTION
Extent xiii, 210 p. ;
Dimensions 24 cm.
650 #0 - SUBJECT ADDED ENTRY--TOPICAL TERM
Topical term or geographic name entry element International finance.
856 41 - ELECTRONIC LOCATION AND ACCESS
Materials specified Table of contents
Uniform Resource Identifier <a href="http://www.loc.gov/catdir/toc/prin032/98026714.html">http://www.loc.gov/catdir/toc/prin032/98026714.html</a>
942 ## - ADDED ENTRY ELEMENTS (KOHA)
Source of classification or shelving scheme Dewey Decimal Classification
Koha item type BOOKs
Holdings
Withdrawn status Lost status Damaged status Not for loan Collection code Home library Current library Shelving location Date acquired Total Checkouts Full call number Barcode Date last seen Price effective from Koha item type
          . . General Stacks 12.06.2017   332.042 SOL 35175 05.11.2018 05.11.2018 BOOKs